Statistiken für Kirchenlehrer

Klicken Sie hier um das Quiz zu spielen!

Allgemein

  • Dieses Quiz wurde 63 mal gespielt
  • Das Durchschnittsergebnis liegt bei 27 aus 36

Antwortstatistiken

Answer % Korrekt
{Thomas} von Aquin
93%
{Hildegard} von Bingen
90%
{Franz} von Sales
86%
{Petrus} Damiani
84%
{Thérèse} von Lisieux
84%
{Katharina} von Siena
84%
{Petrus} Canisius
84%
{Petrus} Chrysologus
84%
{Johannes} von Avila
83%
{Johannes} Chrysostomos
83%
{Teresa} von Ávila
83%
{Johannes} Bonaventura
83%
{Johannes} vom Kreuz
83%
{Johannes} von Damaskus
83%
{Gregor} der Große
81%
{Gregor} von Narek
81%
{Gregor} von Nazianz
81%
{Albertus} Magnus
79%
{Augustinus} von Hippo
79%
{Bernhard} von Clairvaux
78%
{Anselm} von Canterbury
78%
{Antonius} von Padua
76%
{Ambrosius} von Mailand
76%
{Leo} der Große
72%
Hieronymus
72%
{Robert} Bellarmin
71%
{Ephräm} der Syrer
69%
{Alfons} Maria di Liguori
69%
{Kyrill} von Jerusalem
64%
{Kyrill} von Alexandria
64%
{Beda} Venerabilis
60%
{Hilarius} von Poitiers
59%
{Laurentius} von Brindisi
50%
{Athanasius} der Große
48%
{Basilius} von Caesarea
48%
{Isidor} von Sevilla
45%

Verteilung der Resultate

Perzentil nach korrekt beantworteten Fragen

Anzahl Personen mit jedem Resultat

Ihre Resultats-Entwicklung

Sie haben dieses Quiz noch nicht gespielt